Digital and analog systems, circuits and devices : (Record no. 2590)
[ view plain ]
| 000 -LEADER | |
|---|---|
| fixed length control field | nam a22 7a 4500 |
| 005 - DATE AND TIME OF LATEST TRANSACTION | |
| control field | 20170517114546.0 |
| 008 - FIXED-LENGTH DATA ELEMENTS--GENERAL INFORMATION | |
| fixed length control field | 170517b1973 ny ||||| |||| 00| 0 eng d |
| 020 ## - INTERNATIONAL STANDARD BOOK NUMBER | |
| International Standard Book Number | 0070044201 : |
| Terms of availability | £7.10 |
| 040 ## - CATALOGING SOURCE | |
| Original cataloging agency | AKMAL |
| 082 ## - DEWEY DECIMAL CLASSIFICATION NUMBER | |
| Classification number | 621.3 BEL |
| 090 ## - LOCALLY ASSIGNED LC-TYPE CALL NUMBER (OCLC); LOCAL CALL NUMBER (RLIN) | |
| Classification number (OCLC) (R) ; Classification number, CALL (RLIN) (NR) | 621.3 |
| Local cutter number (OCLC) ; Book number/undivided call number, CALL (RLIN) | BEL |
| 100 1# - MAIN ENTRY--PERSONAL NAME | |
| Personal name | Belove, Charles |
| 9 (RLIN) | 5408 |
| 245 10 - TITLE STATEMENT | |
| Title | Digital and analog systems, circuits and devices : |
| Remainder of title | an introduction / |
| Statement of responsibility, etc. | Charles Belove, Harry Schachter, Donald L. Schilling. |
| 260 ## - PUBLICATION, DISTRIBUTION, ETC. | |
| Place of publication, distribution, etc. | New York ; |
| -- | London : |
| Name of publisher, distributor, etc. | McGraw-Hill, |
| Date of publication, distribution, etc. | 1973 |
| 300 ## - PHYSICAL DESCRIPTION | |
| Extent | xxi,465p. : |
| Other physical details | ill. ; |
| Dimensions | 24cm |
| 490 0# - SERIES STATEMENT | |
| Series statement | McGraw-Hill electrical and electronic engineering series |
| 504 ## - BIBLIOGRAPHY, ETC. NOTE | |
| Bibliography, etc. note | Includes bibliographies and index. |
| 650 #0 - SUBJECT ADDED ENTRY--TOPICAL TERM | |
| Topical term or geographic name entry element | Electric engineering. |
| 9 (RLIN) | 5409 |
| 700 1# - ADDED ENTRY--PERSONAL NAME | |
| Personal name | Schachter, Harry. |
| 9 (RLIN) | 5410 |
| 700 1# - ADDED ENTRY--PERSONAL NAME | |
| Personal name | Schilling, Donald L. |
| Fuller form of name | (Donald Lawrence) |
| 9 (RLIN) | 5411 |
| 942 ## - ADDED ENTRY ELEMENTS (KOHA) | |
| Source of classification or shelving scheme | |
| Koha item type | Book |
| Withdrawn status | Lost status | Source of classification or shelving scheme | Damaged status | Not for loan | Collection code | Home library | Current library | Shelving location | Date acquired | Inventory number | Total Checkouts | Full call number | Barcode | Date last seen | Price effective from | Koha item type |
|---|---|---|---|---|---|---|---|---|---|---|---|---|---|---|---|---|
| NON-FICTION | AKMAL Melaka | AKMAL Melaka | PINJAMAN | 17.05.2017 | 600652 | 621.3 BEL | 201703396 | 17.05.2017 | 17.05.2017 | Book |
